000 00493nam a2200181Ia 4500
005 20250508150742.0
008 008 250505s9999 xx 000 0 eng d
037 _aTextual
040 _aFEDL
_beng
_cFEDL
041 _aeng
_2eng
084 _a377.2, CHA
_qFEDL
100 _aCharters W W
_9757538
245 0 _aTeaching of ideals
260 _aNew York, USA
_bThe Macmillan Company
_c1928
300 _axiii,372p
942 _cTEXL
_h377.2, CHA
999 _c1325453
_d1325453